00674 2200229 4500001002100000005001500021035002000036007000300056008004100059020002200100082000800122084001500130100003200145245010100177260004400278300003300322650001700355700001800372520003000390990001200420990001200432INLIS00000000000188920180413091623 a0010-0418000046ta180413 g 0 ind  a978-602-02-6707-4 a920 a920 CAN k0 aCANDRA, Nila Murti Dewojati1 aKumpulan Kisah Inspiratif Para Penakluk Bumi /cCandra Nila Murti Dewojati; editor, Eka Satria P aJakarta :bElex Media Komputindo,c2015 axi, 264 hlm :bilus ;c21 cm aAUTOBIOGRAFI0 aEKA, Satria P abibliografi: hlm. 261-264 a16692 a a16692 b